US State Fossils - Statistics

General Stats
  • This quiz has been taken 4 times
  • The average score is 16 of 44
Answer Stats
State + Geologic Time Period Type Answer % Correct
Colorado, Jurassic Vertebrate Stegosaurus
100%
Vermont, Pleistocene (name either) Vertebrate Beluga Whale / Woolly Mammoth
67%
Wisconsin, Silurian Invertebrate Calymene
67%
Washington, Pleistocene Vertebrate Columbian Mammoth
67%
Ohio, Ordovician / Devonian (name either) Invertebrate / Vertebrate Isotelus / Dunkleosteus
67%
North Carolina, Miocene-Pliocene Vertebrate (or part of it) Megalodon
67%
Pennsylvania, Devonian Invertebrate Phacops
67%
California, Pleistocene Vertebrate Smilodon
67%
Rhode Island, Paleozoic Invertebrate Trilobite (unspecified)
67%
Alaska, Pleistocene Vertebrate Woolly Mammoth
67%
Nebraska, Pleistocene (name any of the three) Vertebrate Woolly Mammoth / Columbian Mammoth / Imperial Mammoth
67%
Utah, Jurassic Vertebrate Allosaurus
33%
Indiana, Holocene Vertebrate American Mastodon
33%
Alabama, Eocene Vertebrate Basilosaurus
33%
Delaware, Cretaceous Invertebrate Belemnite
33%
Minnesota, Pleistocene Vertebrate Castoroides
33%
New Mexico, Triassic Vertebrate Coelophysis
33%
South Carolina, Pleistocene Vertebrate Columbian Mammoth
33%
Connecticut, Jurassic Trace Fossil Dinosaur Tracks
33%
Massachusetts, Jurassic Trace Fossil Dinosaur Tracks
33%
New York, Silurian Invertebrate Eurypterus
33%
New Jersey, Cretaceous Vertebrate Hadrosaurus
33%
Idaho, Pleistocene Vertebrate Hagerman Horse
33%
Montana, Cretaceous Vertebrate Maiasaura
33%
West Virginia, Pleistocene Vertebrate Megalonyx
33%
Louisiana, Oligocene Plant Palmoxylon
33%
Maine, Devonian Plant Pertica
33%
Arizona, Triassic Plant Petrified Wood
33%
Kansas, Cretaceous (name either) Vertebrate Pteranodon / Tylosaurus
33%
Oklahoma, Jurassic Vertebrate Saurophaganax
33%
Georgia, Cretaceous-Miocene Part of an animal Shark Teeth
33%
North Dakota, Paleocene Invertebrate + Plant Shipworm / Petrified Wood
33%
Nevada, Triassic Vertebrate Shonisaurus
33%
South Dakota, Cretaceous Vertebrate Triceratops
33%
Illinois, Pennsylvanian (Carboniferous) Invertebrate Tully Monster
33%
Michigan, Holocene Vertebrate American Mastodon
0%
Kentucky, Ordovician-Pennsylvanian Invertebrate Brachiopod
0%
Virginia, Cenozoic Invertebrate Chesapecten
0%
Maryland, Miocene Invertebrate Ecphora
0%
Wyoming, Eocene Vertebrate Knightia
0%
Oregon, Eocene Plant Metasequoia
0%
Tennessee, Cretaceous Invertebrate Pterotrigonia
0%
Missouri, Pennsylvanian Invertebrate Sea Lily
0%
Mississippi, Eocene Vertebrate Zygorhiza
0%
No matching quizzes found
Score Distribution
Percent of People with Each Score
Percentile by Number Answered
Your Score History
You have not taken this quiz